Stati del Consiglio d'Europa - Statistics

Statistiche generali
  • Questo quiz è stato fatto 14 volte
  • Il punteggio medio è 40 su 46
Statistiche sulle risposte
Data di ingresso Nazione % Corretto
5 maggio 1989 Finlandia
100%
5 maggio 1949 Francia
100%
13 luglio 1950 Germania
100%
5 maggio 1949 Italia
100%
5 maggio 1949 Norvegia
100%
14 maggio 1993 Slovenia
100%
24 novembre 1977 Spagna
100%
5 maggio 1949 Svezia
100%
5 maggio 1949 Belgio
92%
24 aprile 2002 Bosnia ed Erzegovina
92%
7 maggio 1992 Bulgaria
92%
9 agosto 1949 Grecia
92%
5 maggio 1949 Lussemburgo
92%
5 maggio 1949 Paesi Bassi
92%
29 novembre 1991 Polonia
92%
22 settembre 1976 Portogallo
92%
5 maggio 1949 Regno Unito
92%
30 giugno 1993 Repubblica Ceca
92%
7 ottobre 1993 Romania
92%
16 novembre 1988 San Marino
92%
30 giugno 1993 Slovacchia
92%
6 novembre 1990 Ungheria
92%
13 luglio 1995 Albania
85%
10 ottobre 1994 Andorra
85%
16 marzo 1956 Austria
85%
24 maggio 1961 Cipro
85%
6 novembre 1996 Croazia
85%
5 maggio 1949 Danimarca
85%
14 maggio 1993 Estonia
85%
5 maggio 1949 Irlanda
85%
7 marzo 1950 Islanda
85%
10 febbraio 1995 Lettonia
85%
14 maggio 1993 Lituania
85%
29 aprile 1965 Malta
85%
5 ottobre 2004 Monaco
85%
11 maggio 2007 Montenegro
85%
6 maggio 1963 Svizzera
85%
23 novembre 1978 Liechtenstein
77%
9 novembre 1995 Macedonia del Nord
77%
13 luglio 1995 Moldavia
77%
3 aprile 2003 Serbia
77%
9 agosto 1949 Turchia
77%
9 novembre 1995 Ucraina
77%
25 gennaio 2001 Armenia
62%
27 aprile 1999 Georgia
62%
25 gennaio 2001 Azerbaigian
54%
Nessun quiz corrispondente trovato
Distribuzione punteggi
Percentuale di utenti per punteggio
Percentile per numero di risposta
I tuoi punteggi nel tempo
Non hai fatto questo quiz